Intendencia General de Real Hacienda de la siempre fiel Isla de Cuba. (Record no. 153352)

MARC details
000 -LEADER
campo de control de longitud fija 00906nam a22001935i 4500
001 - NÚMERO DE CONTROL
campo de control 153352
003 - IDENTIFICADOR DE NÚMERO DE CONTROL
campo de control ES-MaACL
005 - FECHA Y HORA DE LA ÚLTIMA TRANSACCIÓN
campo de control 20230906205203.0
008 - DATOS DE LONGITUD FIJA--INFORMACIÓN GENERAL
campo de control de longitud fija 041014s1868 cu |||| | spa d
040 ## - FUENTE DE CATALOGACIÓN
Centro catalogador/agencia de origen CAM
Lengua de catalogación spa
Centro/agencia transcriptor CAM
110 1# - ENTRADA PRINCIPAL--NOMBRE DE ENTIDAD CORPORATIVA
Nombre de entidad corporativa o nombre de jurisdicción como elemento de entrada Cuba.
Unidad subordinada Intendencia General de Real Hacienda.
9 (RLIN) 134312
245 10 - MENCIÓN DEL TÍTULO
Título Intendencia General de Real Hacienda de la siempre fiel Isla de Cuba.
260 ## - PUBLICACIÓN, DISTRIBUCIÓN, ETC.
Lugar de publicación, distribución, etc. [Habana :
Nombre del editor, distribuidor, etc. s.n.,
Fecha de publicación, distribución, etc. s.a.] (
Fabricante Imprenta de Gobierno y Capitania General por S.M.)
300 ## - DESCRIPCIÓN FÍSICA
Extensión [4] p. ;
Dimensiones 31 cm.
500 ## - NOTA GENERAL
Nota general Oficio que informa de diversas reales órdenes fechadas en Habana en 1868 y firmadas por Manuel de Lara.
594 ## - Nota al título y mención de responsabilidad
Nota al título y mención de responsabilidad Tit. tomado de comienzo de texto.
596 ## - NOTA AL PIE DE IMPRENTA
NOTA AL PIE DE IMPRENTA Pie de imp. tomado de colofón.
852 ## - LOCALIZACIÓN
Ubicación ES-MaACL
Número de control de estantería G-4403(2)
Nota libre -- Enc. tela
-- -- Enc. con "Noticias estadisticas de la Isla de Cuba en 1862 ...", 1864 y [1] h. pleg. de Real Orden del Ministerio de Ultramar de 1867
Holdings
Estatus retirado Estado de pérdida Estado de daño No para préstamo Biblioteca de origen Biblioteca actual Ubicación en estantería Fecha de adquisición Fuente de adquisición Total de préstamos Signatura topográfica completa Código de barras Visto por última vez Precio de reemplazo Tipo de ítem Koha
        Biblioteca del Ateneo de Madrid Biblioteca del Ateneo de Madrid Depósito 2 17/01/2008     G-4403(2) 1160262 23/02/2023 23/02/2023 Libro impreso